000 00556nam a22002057a 4500
999 _c7286
_d7286
003 OSt
005 20210927145042.0
008 210927b ||||| |||| 00| 0 eng d
020 _a0716724154
040 _cDDC
082 _a598GIL 1990
100 _aGill,Frank B.
_914954
245 _aOrnithology
_cEdited by Gill,Frank B.
250 _a2nd Edition
260 _aUSA
_bW.H. Freeman and Company
_c1990
300 _axxvii,766p;
_bill;
_c26cm
504 _aIncludes; Bibliography references and index.
650 _aBiology
_95602
942 _2ddc
_cO_SHELF